000 00822nam a22002657a 4500
001 BR8502460
003 BR-BrBNA
005 20230928092149.0
007 ta
008 230509b bl.||||| |||| 00| 0 por d
040 _aBR-BrBNA
_bpor
_cBiblioteca Nacional de Agricultura
041 _a(Por)
072 _aE14; K10
_b/G514
090 _ E14 BR8502460
110 1 _aInstituto Brasileiro de Desenvolvimento Florestal, Brasilia, DF (Brasil)
_95727
245 1 _aContribuicao ao 1. PND da Nova Republica [Plano Nacional de Desenvolvimento, reflorestamento, Brasil]
260 3 _aBrasilia, DF (Brasil):
_c1985.
300 _a36 p.
500 _a8 tables
650 _aPROJETO DE DESENVOLVIMENTO
650 _aREFLORESTAMENTO
650 _aRECURSO ECONOMICO
909 _a202309
_bLucia
_c55
_dLucia Elande
942 _cBK
999 _c37467
_d37467